Trh práce: Co říkají čísla?

Miera nezamestnanosti je zatiaľ, v porovnaní s ostatnými krajinami východného bloku, v ČSFR nízka. Údaje o vývine nezamestnanosti v roku 1990 a predpoklady zvyšovania nezamestnanosti v rokoch 1991, 1992 a 1993. Uvedenie dvoch variantov vývoja nezamestnanosti včítane nákladov na podpory v nezamestnan...

Descrizione completa

Salvato in:
Dettagli Bibliografici
Autore principale: Flašarová, L.
Altri autori: Šimonová, D.
Natura: Capitolo di libro
Lingua:ceco
Soggetti:
Tags: Aggiungi Tag
Nessun Tag, puoi essere il primo ad aggiungerne!!

MARC

LEADER 00000naa a2200000 4500
001 r001683
005 20230113073435.8
041 0 |a cze 
044 |a [CS] 
245 1 0 |a Trh práce: Co říkají čísla?  |c L. Flašárová, D. Šimonová 
520 |a Miera nezamestnanosti je zatiaľ, v porovnaní s ostatnými krajinami východného bloku, v ČSFR nízka. Údaje o vývine nezamestnanosti v roku 1990 a predpoklady zvyšovania nezamestnanosti v rokoch 1991, 1992 a 1993. Uvedenie dvoch variantov vývoja nezamestnanosti včítane nákladov na podpory v nezamestnanosti. 
610 2 0 |a trh práce 
610 2 0 |a nezamestnanosť 
610 2 0 |a ČSFR 
610 2 0 |a 1990-1993 
610 2 0 |a podpory v nezamestnanosti 
100 1 |a Flašarová, L. 
700 1 |a Šimonová, D.